01944nam a2200469 i 450000100060000000300090000600500170001500800410003202000150007303500230008803500360011103500140014703500210016103500150018203500230019703500440022004000340026404600090029808000170030708000170032424502740034126000650061530000210068033600270070133700540072833800280078238000160081038800140082638800140084049000710085453600920092561000300101765000420104765000330108965100160112265800370113870000450117570000420122071000450126283000690130785600980137636636KOSZ 00520230126120602.0000106s1998 pl |000 0 pol  a8387913499 a991012334929705066 a(PL-WaBN)b13338821-48omnis_nlop ab13338821 a(OCoLC)749268062 acc99223235 a(PL)b0000001333882 a(EXLNZ-48OMNIS_NETWORK)9910407993705606 aWA NcWA NdKR UdKOSZ 005/HR k1998 a 347.77(438) a347.77(4-67)00aPrawo własności przemysłowej :bprawo patentowe, prawo znaków towarowych, ochrona wzorów przemysłowych oraz ochrona topografii układów scalonych.nCz. 1,pOpracowanie analityczne /cred. nauk. Janusz Szwaja ; [poszczeg. cz. oprac.: Bogusław Gawlik et al.]. aWarszawa :bUrząd Komitetu Integracji Europejskiej,c1998. a282 s. ;c21 cm. aTekstbtxt2rdacontent aBez urządzenia pośredniczącegobn2rdamedia aWoluminbnc2rdacarrier aKsiążki a1901-2000 a1989-20001 aHarmonizacja Prawa Polskiego z Prawem Wspólnot Europejskich ;v8 aPublikacja sfinansowana ze środków pomocowych Unii Europejskiej programu Fiesta II.27aUnia Europejska (UE)2DBN 7aPrawo własności przemysłowej2DBN 7aPrawo Unii Europejskiej2DBN 7aPolska2DBN aPrawo i wymiar sprawiedliwości1 aGawlik, Bogusławd(1942- )eOpracowanie1 aSzwaja, Januszd(1934-2022)eRedakcja aUrząd Komitetu Integracji Europejskiej 0aHarmonizacja Prawa Polskiego z Prawem Wspólnot Europejskichv8 uhttp://koha.tu.koszalin.pl/cgi-bin/koha/opac-detail.pl?biblionumber=36636yKatalog online BPK